000 00507nam a2200193Ia 4500
005 20250508153440.0
008 008 250505s9999 xx 000 0 eng d
037 _aBooks to be hide in OPAC
040 _aFEDL
_beng
_cFEDL
041 _aeng
_2eng
084 _a373, UNI/O
_qFEDL
100 _aColeman James S
245 0 _aSocial climates in high schools
260 _c1949
300 _a75p.
490 _aCooperative research
942 _cHB
_h373, UNI/O
999 _c1342956
_d1342956